[Event "Bad Wiessee Senioren Cup 8th"]
[Site "Bad Wiessee"]
[Date "2019.05.13"]
[Round "3"]
[White "Schatz, Christian"]
[Black "Wuest, Klaus"]
[Result "1-0"]
[WhiteElo "2147"]
[BlackElo "2038"]
[PlyCount "67"]
[EventDate "2019.05.11"]
[EventType "swiss"]
[EventRounds "9"]
[EventCountry "GER"]
[SourceTitle "EXT 2020"]
[Source "ChessBase"]
[SourceDate "2019.10.17"]
[SourceVersion "1"]
[SourceVersionDate "2019.10.17"]
[SourceQuality "1"]

1. c4 g6 2. Nc3 Bg7 3. d4 Nc6 4. d5 Ne5 5. e4 d6 6. Be2 a5 7. f4 Nd7 8. Be3 e6 9. Nf3 b6 10. 0-0 Ne7 11. Bd4 0-0 12. Bxg7 Kxg7 13. Qd4+ Kg8 14. Rad1 Nc5 15. Qf2 Kg7 16. Nd4 f6 17. dxe6 Bxe6 18. Qg3 Qd7 19. e5 Rad8 20. exd6 cxd6 21. b3 d5 22. Nxe6+ Qxe6 23. cxd5 Nxd5 24. Rxd5 Rxd5 25. Bc4 Rfd8 26. Nxd5 Rxd5 27. f5 Qe4 28. Bxd5 Qxd5 29. fxg6 hxg6 30. Qc7+ Kh6 31. Qf4+ Qg5 32. Qxf6 Qe3+ 33. Qf2 Qe4 34. Qf4+ 1-0

[Event "Bad Wiessee Senioren Cup 8th"]
[Site "Bad Wiessee"]
[Date "2019.05.12"]
[Round "2"]
[White "Wuest, Klaus"]
[Black "Titz, Herbert"]
[Result "1-0"]
[WhiteElo "2038"]
[BlackElo "1863"]
[PlyCount "97"]
[EventDate "2019.05.11"]
[EventType "swiss"]
[EventRounds "9"]
[EventCountry "GER"]
[SourceTitle "EXT 2020"]
[Source "ChessBase"]
[SourceDate "2019.10.17"]
[SourceVersion "1"]
[SourceVersionDate "2019.10.17"]
[SourceQuality "1"]

1. e4 e5 2. Nf3 Nc6 3. Bb5 a6 4. Ba4 Nf6 5. 0-0 d6 6. Re1 b5 7. Bb3 Na5 8. c3 Nxb3 9. axb3 c5 10. d3 Be7 11. Nbd2 0-0 12. Nf1 Re8 13. Bg5 Ng4 14. Bd2 g6 15. h3 Nf6 16. d4 Bb7 17. Qc2 Bf8 18. Ng3 Bg7 19. d5 h6 20. Rf1 Kh7 21. Ne1 Qe7 22. Qd3 Rad8 23. Nc2 Nd7 24. b4 c4 25. Qe2 Qh4 26. Ra3 Rf8 27. Ne3 Bc8 28. Rfa1 Nb8 29. Nef1 f5 30. exf5 gxf5 31. Qh5 Qxh5 32. Nxh5 Rg8 33. f4 e4 34. Be3 Kg6 35. Nxg7 Kxg7 36. Bd4+ Kg6 37. Ne3 h5 38. Kf2 Bb7 39. Rg1 Rdf8 40. g3 Bc8 41. Raa1 Bb7 42. Rg2 Nd7 43. g4 hxg4 44. hxg4 fxg4 45. Rxg4+ Kf7 46. Rag1 Rxg4 47. Rxg4 Nf6 48. Rg5 Rg8 49. Bxf6 1-0

[Event "Bayern-chI Bank Hofmann 22nd"]
[Site "Tegernsee"]
[Date "2018.11.04"]
[Round "9"]
[White "Wuest, Klaus"]
[Black "Kraich, Klaus"]
[Result "0-1"]
[WhiteElo "2006"]
[BlackElo "2180"]
[PlyCount "78"]
[EventDate "2018.10.27"]
[EventType "swiss"]
[EventRounds "9"]
[EventCountry "GER"]
[SourceTitle "CBM 187 Extra"]
[Source "ChessBase"]
[SourceDate "2018.11.04"]
[SourceVersion "1"]
[SourceVersionDate "2018.11.04"]
[SourceQuality "1"]

1. e4 c5 2. Nf3 e6 3. b3 a6 4. Bb2 b5 5. d4 cxd4 6. Nxd4 Bb7 7. Bd3 Qc7 8. 0-0 Nf6 9. Re1 Bb4 10. Nd2 Nc6 11. c3 Bc5 12. N2f3 Ng4 13. Rc1 e5 14. h3 exd4 15. cxd4 Bb4 16. hxg4 Qf4 17. d5 Ne7 18. Re2 0-0 19. Rec2 Ng6 20. Rc7 Bc8 21. Bb1 Bd6 22. R7c2 f6 23. Nd4 Qh2+ 24. Kf1 Qh1+ 25. Ke2 Qxg2 26. Rc3 Qxg4+ 27. Kf1 Qf4 28. Nf5 Be5 29. Rf3 Qh2 30. Bxe5 Qxe5 31. Rg3 Qf4 32. Rcc3 d6 33. Qh5 Rf7 34. Kg2 Bxf5 35. exf5 Ne5 36. Rce3 Rc8 37. Be4 b4 38. Bf3 Rc2 39. Re4 Qd2 0-1

[Event "Bayern-chI Bank Hofmann 21st"]
[Site "Tegernsee"]
[Date "2017.10.31"]
[Round "4"]
[White "Fuchs, Florian"]
[Black "Wuest, Klaus"]
[Result "1/2-1/2"]
[WhiteElo "2347"]
[BlackElo "1996"]
[PlyCount "68"]
[EventDate "2017.10.28"]
[EventType "swiss"]
[EventRounds "9"]
[EventCountry "GER"]
[SourceTitle "CBM 181 Extra"]
[Source "ChessBase"]
[SourceDate "2017.12.12"]
[SourceVersion "1"]
[SourceVersionDate "2017.12.12"]
[SourceQuality "1"]

1. d4 Nf6 2. Nc3 d5 3. Bf4 c6 4. Qd2 Bf5 5. f3 e6 6. g4 Bg6 7. h4 h5 8. g5 Ng8 9. e3 Bd6 10. Nge2 Ne7 11. 0-0-0 Qc7 12. e4 Nd7 13. Kb1 b5 14. Bxd6 Qxd6 15. Nf4 Nb6 16. Nxg6 Nxg6 17. exd5 Nxd5 18. Nxd5 Qxd5 19. Bd3 0-0 20. Qe3 Rad8 21. Be4 Qd6 22. Qc3 Ne7 23. Rd3 Nd5 24. Bxd5 cxd5 25. Qa5 a6 26. Rc3 Rc8 27. Rxc8 Rxc8 28. Qd2 Qg3 29. f4 Rc4 30. a3 Qf3 31. Re1 Qg3 32. Rh1 Qf3 33. Rd1 Qg3 34. Rh1 Qf3 1/2-1/2

[Event "Wiesbaden op 24th"]
[Site "Wiesbaden"]
[Date "2012.08.26"]
[Round "7"]
[White "Regis, Georg"]
[Black "Wuest, Klaus"]
[Result "1/2-1/2"]
[WhiteElo "2137"]
[BlackElo "2005"]
[PlyCount "85"]
[EventDate "2012.08.23"]
[EventType "swiss"]
[EventRounds "7"]
[EventCountry "GER"]
[SourceTitle "CBM 150 Extra"]
[Source "ChessBase"]
[SourceDate "2012.10.19"]
[SourceVersion "1"]
[SourceVersionDate "2012.10.19"]
[SourceQuality "1"]

1. e4 e5 2. Nf3 Nc6 3. Bb5 a6 4. Bxc6 dxc6 5. 0-0 Bd6 6. d3 Ne7 7. Nbd2 Ng6 8. Nc4 Be6 9. Ne3 f6 10. d4 0-0 11. b3 Qd7 12. Bb2 Rad8 13. c4 exd4 14. Qxd4 Qe7 15. Qc3 Bc8 16. Qc2 Rfe8 17. Nd2 Bc5 18. Rae1 Nf4 19. Bc3 Qf7 20. b4 Bd6 21. c5 Bf8 22. f3 Qg6 23. Kh1 a5 24. a3 axb4 25. axb4 b6 26. Nb3 Ba6 27. Rg1 Bd3 28. Qb2 Bb5 29. Rd1 bxc5 30. Nxc5 Qf7 31. Bd4 Ra8 32. Rd2 Bd6 33. g3 Ne6 34. Nxe6 Qxe6 35. Nf5 Ra4 36. Nxd6 cxd6 37. g4 h6 38. Bc3 Bc4 39. Rgd1 d5 40. Re1 Ra2 41. Qc1 Rxd2 42. Qxd2 dxe4 43. Rxe4 1/2-1/2